000 00872nam a2200325 a 4500
003 AR-BaBNM
005 20251128203415.0
008 082120s2002 ||||||||||||||000 | spa||
040 _cAR-BaBNM
100 1 _aPanettieri, José
245 0 0 _aSíntesis histórica del desarrollo industrial argentino
260 _aBuenos Aires
_bMacchi
_c1969
300 _a111 p.
_btablas
490 0 _aHumanidades. historia
504 _aBibliografía p. 111
650 4 _aHISTORIA POLITICA
650 4 _aHISTORIA ECONOMICA
650 4 _aINDUSTRIALIZACION
650 4 _aMETALURGIA
650 4 _aAGRICULTURA
650 4 _aGANADERIA
650 4 _aHISTORIA SOCIAL
650 4 _aGENERACION DE 1880
650 4 _aGUERRA
650 4 _aCRISIS ECONOMICA
650 4 _aREVOLUCION DE 1930
800 1 _aCuccorese, Horacio Juan
_edirector
942 _cBK
998 _cmariana
999 _c3247
_d3247